00342 a2200109 4500001001000000005001700010008004100027245004700068100003400115773006800149999001500217ART_2587020260410161602.0260409a 10aCarácter científico de la contabilidad1 aGarcía Casella, Carlos Luis0 tProfesional & Empresariag- Año VI, Nº 65 (feb. 2005)wREV70 c9825d9825